000 00399pab a2200169 454500
008 180718b2010 xxu||||| |||| 00| 0 eng d
100 _aTiwari, Meera
245 _aDidi of rural Bihar: real agent of change?
260 _c2010
300 _ap.27-30.
362 _a14 Aug
650 _aWomen
650 _aSelf help
773 _aEconomic and Political Weekly
908 _aN
909 _a87764
999 _c87764
_d87764